00554nam a22002057a 450000500170000001000130001702000230003003500130005303700160006604000120008208200160009410000140011024500670012424600060019126000410019727000570023830000200029550000200031565000130033520170124105916.0 aA-710565 c200.00a8170001005 aA-710565 bCen Lib/Ret aDPLbEN a230.35bPRE aPrem Lata aChaitanya mahaprabhu :cby Prem Lata bmystic saits of India / b  bSumit Publications c1989aNew Delhi b New Delhia4837/24, Amsari Road, Daryaganje110002 a235p.c22cm(Hb) aIncludes index  aHinduism